|
|
|
|
| LEADER |
00000nas a2200000 a 4500 |
| 001 |
vtls009952543 |
| 003 |
SK-MaSNL |
| 005 |
20260221121435.0 |
| 008 |
090922c mr1 0 0eng d |
| 040 |
|
|
|a SNK
|b slo
|c SNK
|
| 245 |
0 |
0 |
|a The Graphic.
|
| 260 |
|
|
|a London
|b [s.n.]
|
| 500 |
|
|
|a Popis poľa: roč. ...; č. ...; rok ...
|
| 910 |
|
|
|a snk
|
| 999 |
|
|
|c 7768
|d 9698
|
| 952 |
|
|
|0 0
|1 1
|4 0
|7 0
|8 5
|a SNK
|b SNK
|d 2009-09-22
|i snkXI. 2503/55
|l 0
|o snkČA 359/44/1891/2
|p 17A0626660
|r 2026-02-21 19:42:31
|w 2026-02-21
|y PREZ
|
| 952 |
|
|
|0 0
|1 1
|4 0
|7 0
|8 5
|a SNK
|b SNK
|d 2009-09-22
|i snkXI. 2504/55
|l 0
|o snkČA 359/45/1892/1
|p 17A0626659
|r 2026-02-21 19:42:31
|w 2026-02-21
|y PREZ
|
| 952 |
|
|
|0 0
|1 1
|4 0
|7 0
|8 5
|a SNK
|b SNK
|d 2009-09-22
|i snkXI. 2506/55
|l 0
|o snkČA 359/49/1849/2
|p 17A0626658
|r 2026-02-21 19:42:31
|w 2026-02-21
|y PREZ
|
| 952 |
|
|
|0 0
|1 1
|4 0
|7 0
|8 5
|a SNK
|b SNK
|d 2009-09-22
|i snkXI. 2507/55
|l 0
|o snkČA 359/49/1894/1
|p 17A0626657
|r 2026-02-21 19:42:31
|w 2026-02-21
|y PREZ
|
| 952 |
|
|
|0 0
|1 1
|4 0
|7 0
|8 5
|a SNK
|b SNK
|d 2009-09-22
|i snkXI. 2505/55
|l 0
|o snkČA 359/45/1892/2
|p 17A0626656
|r 2026-02-21 19:42:31
|w 2026-02-21
|y PREZ
|
| 952 |
|
|
|0 0
|1 1
|4 0
|7 0
|8 5
|a SNK
|b SNK
|d 2009-09-22
|i snkXI. 2508/55
|l 0
|o snkČA 359/51/1895/1
|p 17A0626655
|r 2026-02-21 19:42:31
|w 2026-02-21
|y PREZ
|
| 952 |
|
|
|0 0
|1 1
|4 0
|7 0
|8 5
|a SNK
|b SNK
|d 2009-09-22
|i snkXI. 2512/55
|l 0
|o snkČA 359/56/1897/2
|p 17A0626651
|r 2026-02-21 19:42:31
|w 2026-02-21
|y PREZ
|
| 952 |
|
|
|0 0
|1 1
|4 0
|7 0
|8 5
|a SNK
|b SNK
|d 2009-09-22
|i snkXI. 2513/55
|l 0
|o snkČA 359/57/1898/1
|p 17A0626585
|r 2026-02-21 19:42:31
|w 2026-02-21
|y PREZ
|
| 952 |
|
|
|0 0
|1 1
|4 0
|7 0
|8 5
|a SNK
|b SNK
|d 2009-09-22
|i snkXI.2514/55
|l 0
|o snkČA 359/58/1898/2
|p 17A0626654
|r 2026-02-21 19:42:31
|w 2026-02-21
|y PREZ
|
| 952 |
|
|
|0 0
|1 1
|4 0
|7 0
|8 5
|a SNK
|b SNK
|d 2009-09-22
|i snkXI. 2515/55
|l 0
|o snkČA 359/60/1899/2
|p 17A0626584
|r 2026-02-21 19:42:31
|w 2026-02-21
|y PREZ
|
| 952 |
|
|
|0 0
|1 1
|4 0
|7 0
|8 5
|a SNK
|b SNK
|d 2009-09-22
|i snkXI. 2518/55
|l 0
|o snkČA 359/71/1905/1
|p 17A0626583
|r 2026-02-21 19:42:31
|w 2026-02-21
|y PREZ
|
| 952 |
|
|
|0 0
|1 1
|4 0
|7 0
|8 5
|a SNK
|b SNK
|d 2009-09-22
|i snkXI. 2516/55
|l 0
|o snkČA 359/64/1901/2
|p 17A0626918
|r 2026-02-21 19:42:31
|w 2026-02-21
|y PREZ
|
| 952 |
|
|
|0 0
|1 1
|4 0
|7 0
|8 5
|a SNK
|b SNK
|d 2009-09-22
|i snkXI. 2517/55
|l 0
|o snkČA 359/65/1902/1
|p 17A0626920
|r 2026-02-21 19:42:31
|w 2026-02-21
|y PREZ
|
| 952 |
|
|
|0 0
|1 1
|4 0
|7 0
|8 5
|a SNK
|b SNK
|d 2009-09-22
|i snkXI. 2511/55
|l 0
|o snkČA 359/55/1895/1
|p 17A0626653
|r 2026-02-21 20:16:07
|w 2026-02-21
|y PREZ
|
| 952 |
|
|
|0 0
|1 1
|4 0
|7 0
|8 5
|a SNK
|b SNK
|d 2009-09-22
|i snkXI. 2505/55
|l 0
|o snkČA 359/47/1893/1
|p 17A0626652
|r 2026-02-21 20:22:22
|w 2026-02-21
|y PREZ
|
| 952 |
|
|
|0 0
|1 1
|4 0
|7 0
|8 5
|a SNK
|b SNK
|d 2009-09-22
|i snkXI. 2509/55
|l 0
|o snkČA 359/53/1896/1
|p 17A0621063
|r 2026-02-21 21:42:10
|w 2026-02-21
|y PREZ
|